Every Simply Red Song on the Billboard Hot 100 - Statistics

General Stats
  • This quiz has been taken 43 times
  • The average score is 3 of 7
Answer Stats
# Year Song % Correct
44 1992 Stars
84%
1 1986 Holding Back The Years
68%
28 1986 Money$ Too Tight (To Mention)
61%
1 1989 If You Don't Know Me By Now
35%
57 1989 It's Only Love
32%
23 1991 Something Got Me Started
23%
27 1987 The Right Thing
23%
No matching quizzes found
Score Distribution
Percent of People with Each Score
Percentile by Number Answered
Your Score History
You have not taken this quiz